| 000 | 01981nam0a2200397 4500 | ||
|---|---|---|---|
| 001 | RU\NLR\BIBL_A\012235081 | ||
| 005 | 20260408131134.0 | ||
| 010 |
_d978-5-6043149-0-6 _91000 |
||
| 021 |
_aRU _b2020-71и _9АЛ-П-14 |
||
| 035 | _a(RuMoRGB)010278543 | ||
| 035 | _a(NLR Aleph) 012235081 | ||
| 090 |
_a11005192 _c11005192 |
||
| 100 | _a20200303d2019 |||y0rusy50 ca | ||
| 101 | 1 |
_aeng _crus |
|
| 102 | _aRU | ||
| 105 | _aac z 000zy | ||
| 181 | 0 |
_ai _baxxe |
|
| 182 | 0 | _an | |
| 200 | 1 |
_aThe Amber room and other projects. The workshop of secrets _e[album] _fTsarskoselskaya amber workshop _gphotography and layout by Alexander Minin _ggeneral preparation of the publication: Boris Igdalov [et al.] _gEnglish translation by Alexander Dmitriev [et al.] |
|
| 203 |
_aТекст _bвизуальный _cнепосредственный |
||
| 210 |
_aSaint Petersburg _cTsarskoselskaya amber workshop _d2019 |
||
| 215 |
_a167 с. _cцв. ил., портр. _d30 |
||
| 320 | _aБиблиогр.: с. 4 | ||
| 517 | 1 | _aWorkshop of secrets | |
| 541 | 1 | _aЯнтарная комната и другие проекты. Мастерская секретов | |
| 601 | 0 | 2 |
_aЦарскосельская янтарная мастерская _cПушкин, город; Санкт-Петербург, город _jАльбомы _92441537 _3RU\NLR\AUTH\6601670273 |
| 686 | 1 | _aЩ125.73(2Р=Рус)7-29Царскосельская янтарная мастерская я61 | |
| 702 | 1 |
_aIgdalov _bB.P. _f1956- _gBoris Pavlovič _4220 |
|
| 702 | 1 |
_aMinin _bA.S. _gAleksandr Semenovič _4600 |
|
| 711 | 0 | 2 |
_8eng _aTsarskoselskaya amber workshop _cPushkin, Saint Petersburg _7ba _3RU\NLR\AUTH\880520387 _9701572 |
| 942 | _cBOOK | ||
| 980 | _aNB | ||